Organizational behavior: emerging knowledge. Global reality (Record no. 58255)

MARC details
000 -LEADER
fixed length control field 00248 a2200097 4500
020 ## - INTERNATIONAL STANDARD BOOK NUMBER
International Standard Book Number 9781259921704
245 ## - TITLE STATEMENT
Title Organizational behavior: emerging knowledge. Global reality
250 ## - EDITION STATEMENT
Edition statement 8th ed.
260 ## - PUBLICATION, DISTRIBUTION, ETC. (IMPRINT)
Name of publisher, distributor, etc McGraw-Hill Education
Date of publication, distribution, etc 2018
942 ## - ADDED ENTRY ELEMENTS (KOHA)
Koha item type Book

No items available.